Normal view
MARC view
Entry Personal Name
001 - CONTROL NUMBER
- control field: 9123
003 - CONTROL NUMBER IDENTIFIER
- control field: OSt
005 - DATE AND TIME OF LATEST TRANSACTION
- control field: 20160530183812.0
008 - FIXED-LENGTH DATA ELEMENTS
- fixed length control field: 160530|| aca||aabn | a|a d
040 ## - CATALOGING SOURCE
- Original cataloging agency: OSt
- Transcribing agency: OSt
100 ## - HEADING--PERSONAL NAME
- Personal name: Daniel, Rob; [et...al]
670 ## - SOURCE DATA FOUND
- Source citation: Work cat.: (OSt): Daniel, Rob; [et...al], Practice papers for MRCGP Written Exam Paper 1
